000 00550nam a22001937a 4500
005 20251108164342.0
008 250721s1995 xx 000 0 ara d
082 1 4 _a613/عبد
100 1 _aعبد العال، عبد الفتاح رمضان
245 1 0 _aصحتك و سلامتك بالدنيا /
264 1 _aعمان :
_bالمؤلف،
_c1995.
300 _a239ص
650 1 7 _aالصحة
650 1 7 _aالسلامة
650 1 7 _aالإسعاف الأولي
650 1 7 _aالطب الوقائي
942 _2ddc
_cBK
999 _c10032
_d10032